| 000 | 01017cam a2200205 4500 | ||
|---|---|---|---|
| 001 | WB3907-05 | ||
| 008 | 030217n2003 000 0 eng u | ||
| 035 | _a(Sirsi) u121358 | ||
| 245 | _aIndustry lowers its expectations | ||
| 260 | _c2003 | ||
| 490 |
_aEstates Gazette _v(0307) 15 February 2003, 43(1) |
||
| 520 | _aThe latest Investment Property Forum/Estates Gazette quarterly survey of independent forecasts predicts that property returns will only reach 6% in 2003 and that rents will be down 2% on last year. Predictions for 2004 are more optimistic with total returns of 7.9%. Graphs and table giving rental growth, capital growth and total return. Survey available at www.ipf.org.uk/web/research/ReportFebruary2003.pdf | ||
| 590 | _aWB | ||
| 650 | _aABOUT RICS-RELATED ORGANISATIONS-INVESTMENT PROPERTY FORUM | ||
| 650 | _aPROPERTY RETURNS | ||
| 650 | _aFORECAST | ||
| 650 | _aPROPERTY INVESTMENT | ||
| 690 | _aPROPERTY-COMMERCIAL PROPERTY-COMMERCIAL PROPERTY FINANCE AND INVESTMENT | ||
| 942 | _n0 | ||
| 999 |
_c72119 _d72119 |
||